Catálogo público

Sencibilidad de Colletotrichum gloeosporioides y Lasiodiplodia theobromae a diferentes fungicidas químicos / (Record no. 220849)

MARC details
000 -CABECERA
campo de control de longitud fija 03082nam a2200337 a 4500
003 - IDENTIFICADOR DEL NÚMERO DE CONTROL
campo de control OSt
005 - FECHA Y HORA DE LA ÚLTIMA TRANSACCIÓN
campo de control 20250923142405.0
007 - CAMPO FIJO DE DESCRIPCIÓN FÍSICA--INFORMACIÓN GENERAL
campo de control de longitud fija cr ||||||a|a|a
008 - DATOS DE LONGITUD FIJA--INFORMACIÓN GENERAL
campo de control de longitud fija 250825s2025 mx a|||fom||| 001 0 spa d
040 ## - FUENTE DE LA CATALOGACIÓN
Normas de descripción rda
100 1# - ENTRADA PRINCIPAL--NOMBRE DE PERSONA
Nombre de persona Velázquez Velázquez, Alexa Ximena
9 (RLIN) 190970
245 10 - MENCIÓN DE TÍTULO
Título Sencibilidad de Colletotrichum gloeosporioides y Lasiodiplodia theobromae a diferentes fungicidas químicos /
Mención de responsabilidad, etc. por Alexa Ximena Velázquez Velázquez; director de tesis Santos Gerardo Leyva Mir; secretario Isabel Nativitas Lima; vocal Moisés Camacho Tapia; suplente Calixto Leopoldo Carrilo Fonseca; suplente Calendario Santillan Ortega.
264 #1 - PRODUCCIÓN, PUBLICACIÓN, DISTRIBUCIÓN, FABRICACIÓN Y COPYRIGHT
Producción, publicación, distribución, fabricación y copyright Chapingo, México :
Nombre del de productor, editor, distribuidor, fabricante El autor,
Fecha de producción, publicación, distribución, fabricación o copyright 2025.
300 ## - DESCRIPCIÓN FÍSICA
Extensión 1 recurso en línea (61 páginas):
Otras características físicas cuadros, figuras.
336 ## - TIPO DE CONTENIDO
Fuente rdacontent
Término de tipo de contenido texto
Código de tipo de contenido txt
337 ## - TIPO DE MEDIO
Fuente rdamedia
Nombre/término del tipo de medio computadora
Código del tipo de medio c
338 ## - TIPO DE SOPORTE
Fuente rdacarrier
Nombre/término del tipo de soporte recurso en línea
Código del tipo de soporte cr
502 ## - NOTA DE TESIS
Tipo de título Ingeniero Agrónomo Especialista en Parasitología Agrícola
Nombre de la institución que otorga el título Departamento de Enseñanza, Investigación y Servicio en Parasitología Agrícola,
Año de obtención del título 2025.
Información miscelánea Licenciatura
504 ## - NOTA DE BIBLIOGRAFÍA, ETC.
Nota de bibliografía, etc. Incluye referencias bibliográficas:56-61 páginas .
520 ## - SUMARIO, ETC.
Sumario, etc. El cultivo de arándano ha adquirido relevancia en años recientes y presenta una gran demanda en el mercado. En México es uno de los cultivos más importantes debido al volumen de sus exportaciones y su significativo aporte económico. Sin embargo, su producción se puede ver mermada por la presencia de enfermedades fungosas. El objetivo de este estudio fue evaluar a cuatro fungicidas bajo condiciones in vitro en la inhibición del crecimiento micelial de Colletotrichum gloeosporioides y de Lasiodiplodia theobromae, causantes de antracnosis y muerte descendente, respectivamente. Se probaron cinco diferentes dosis de azoxystrobin, pyraclostrobin, benomilo y tiabendazol, más un testigo absoluto sin fungicida. Cada tratamiento tuvo cinco repeticiones y el diseño experimental fue completamente al azar. La medición se realizó cada 24 h hasta que el micelio en el testigo llenó la caja Petri. Utilizando un análisis de varianza y una comparación de múltiple de medias de Tukey (α=0.05) en el programa estadístico SAS se obtuvo que Colletotrichum gloeosporioides y Lasiodiplodia theobromae fueron sensibles a benomilo en casi todas sus dosis, siendo el porcentaje de inhibición de 71.88 y 77.39 %, respectivamente, con una dosis de 0.08 mg•L, y para C. gloeosporioides hasta un 91.25 % de inhibición con 0.1 mg•L. Por el contrario, ninguno de los otros fungicidas resultó efectivo aún en sus dosis más altas en ambos hongos.
650 #4 - PUNTO DE ACCESO ADICIONAL DE MATERIA--TÉRMINO DE MATERIA
Término de materia o nombre geográfico como elemento de entrada Arándano
Subdivisión general Enfermedades por hongos
9 (RLIN) 191225
650 #4 - PUNTO DE ACCESO ADICIONAL DE MATERIA--TÉRMINO DE MATERIA
Término de materia o nombre geográfico como elemento de entrada Fungicidas
Subdivisión general Análisis
9 (RLIN) 44045
650 #4 - PUNTO DE ACCESO ADICIONAL DE MATERIA--TÉRMINO DE MATERIA
Término de materia o nombre geográfico como elemento de entrada Antracnosis
Subdivisión general Control
9 (RLIN) 191226
700 1# - PUNTO DE ACCESO ADICIONAL--NOMBRE DE PERSONA
Nombre de persona Leyva Mir, Santos Gerardo
9 (RLIN) 66581
Término indicativo de función/relación director.
700 1# - PUNTO DE ACCESO ADICIONAL--NOMBRE DE PERSONA
Nombre de persona Nativitas Lima, Isabel
9 (RLIN) 129577
Término indicativo de función/relación secretario.
700 1# - PUNTO DE ACCESO ADICIONAL--NOMBRE DE PERSONA
Nombre de persona Camacho Tapia, Moises
9 (RLIN) 17710
Término indicativo de función/relación vocal.
700 1# - PUNTO DE ACCESO ADICIONAL--NOMBRE DE PERSONA
Nombre de persona Carrillo Fonseca, Calixto Leopoldo
9 (RLIN) 19482
Término indicativo de función/relación suplente.
700 1# - PUNTO DE ACCESO ADICIONAL--NOMBRE DE PERSONA
Nombre de persona Santillán Ortega, Candelario
9 (RLIN) 102429
Término indicativo de función/relación suplente.
856 ## - LOCALIZACIÓN Y ACCESO ELECTRÓNICOS
Identificador Uniforme del Recurso http://10.13.5.2/tesis/tl/1712778-6_VELAZQUEZ_VELAZQUEZ_ALEXAXIMENA.pdf
Nota pública DESCARGAR PDF
942 ## - ELEMENTOS DE PUNTO DE ACCESO ADICIONAL (KOHA)
Fuente del sistema de clasificación o colocación Clasificación Universidad Autónoma Chapingo
Tipo de ítem Koha Tesis digital
Holdings
Estado de retiro Estado de pérdida Fuente del sistema de clasificación o colocación Estado dañado Restricciones de uso No para préstamo Código de colección Localización permanente Ubicación/localización actual Ubicación en estantería Fecha de adquisición Total de préstamos Signatura topográfica completa Fecha visto por última vez Precio válido a partir de Tipo de ítem Koha
    Clasificación Universidad Autónoma de Chapingo   Préstamo interno   Tesis digitales de Licenciatura Biblioteca Digital Biblioteca Digital En línea 25/08/2025   Tesis digital 25/08/2025 25/08/2025 Tesis digital